000 00582nam a2200229Ia 4500
003 OSt
005 20220924145756.0
006 a|||||r|||| 00| 0
007 ta
008 220923b |||||||| |||| 00| 0 tel d
024 _a330217
037 _cTextual
040 _aARTS
_cARTS
_btel
041 _2tel
_atel
082 _a015,2D91,1, 35J5
100 _aRajasekhara Au.
_9220546
245 0 _aBalaramayanamu
260 _c1955
650 _aSANSKRIT LITERATURE
942 _h015,2D91,1, 35J5
_cTEXL
_2CC
999 _c461141
_d461141